[Event "SB-2015-0-00406"]
[Site "LSS email"]
[Date "2015.03.17"]
[Round "?"]
[White "Koronowski, Heinz Juergen"]
[Black "Andersen, Lars Kirstein"]
[Result "1-0"]
[WhiteElo "2047"]
[BlackElo "2010"]
[PlyCount "85"]
[EventDate "2015.01.05"]
[EventType "tourn (corr)"]
[EventRounds "6"]
[EventCountry "GER"]
[SourceTitle "Corr 2022"]
[Source "ChessBase"]
[SourceDate "2021.10.24"]
[SourceVersion "1"]
[SourceVersionDate "2021.10.24"]
[SourceQuality "1"]

1. e4 c6 2. d4 d5 3. exd5 cxd5 4. Bd3 Nc6 5. c3 Nf6 6. Bf4 Bg4 7. Qb3 Qc8 8. Nd2 e6 9. Ngf3 Be7 10. 0-0 Bh5 11. Ne5 0-0 12. Qc2 Bg6 13. Nxg6 hxg6 14. Nf3 Nh5 15. Be3 Qc7 16. g3 Rac8 17. Qe2 Rfe8 18. Rae1 Bd6 19. Kg2 Nf6 20. Bg5 a6 21. h4 Ng4 22. Rh1 e5 23. dxe5 Ncxe5 24. Nxe5 Nxe5 25. Bb1 Qc4 26. Qd1 Qc6 27. h5 Bc7 28. hxg6 fxg6 29. Bc2 Re6 30. Bf4 Nf7 31. Rxe6 Qxe6 32. Bxc7 Rxc7 33. Bb3 Rd7 34. Rh4 Nh6 35. Rd4 Kh8 36. Bxd5 Qf6 37. Be4 Rf7 38. Qd2 Nf5 39. Rd7 Rxd7 40. Qxd7 b5 41. a4 Qe5 42. Qd5 Qxd5 43. Bxd5 1-0

[Event "SB-2015-0-00406"]
[Site "LSS email"]
[Date "2015.03.09"]
[Round "?"]
[White "Andersen, Lars Kirstein"]
[Black "Knoeppel, Bjoern"]
[Result "0-1"]
[WhiteElo "2010"]
[BlackElo "1950"]
[PlyCount "142"]
[EventDate "2015.01.05"]
[EventType "tourn (corr)"]
[EventRounds "6"]
[EventCountry "GER"]
[SourceTitle "Corr 2022"]
[Source "ChessBase"]
[SourceDate "2021.10.24"]
[SourceVersion "1"]
[SourceVersionDate "2021.10.24"]
[SourceQuality "1"]

1. Nf3 b6 2. g3 Bb7 3. Bg2 e6 4. 0-0 f5 5. c4 Nf6 6. d4 Be7 7. d5 Ne4 8. Nd4 c5 9. Nb5 exd5 10. cxd5 Nd6 11. Nxd6+ Bxd6 12. Nc3 Ba6 13. Re1 0-0 14. f4 c4 15. e4 Bb7 16. exf5 Na6 17. Be3 Bc5 18. d6 Bxg2 19. Kxg2 Rxf5 20. Qa4 Qc8 21. Qxc4+ Kh8 22. Rad1 Qc6+ 23. Qe4 Qxe4+ 24. Nxe4 Bxe3 25. Rxe3 Nb4 26. Nc3 Nc6 27. Nd5 g5 28. Ne7 gxf4 29. gxf4 Rc5 30. Rg3 Rc4 31. f5 Ne5 32. f6 Rf4 33. Rf1 Rxf1 34. Kxf1 Nf7 35. Nf5 Rg8 36. Re3 h5 37. Re7 Rg5 38. Ne3 Nxd6 39. h4 Rg6 40. Nd5 b5 41. Rxd7 Nf5 42. Rxa7 Kg8 43. Rb7 Rg4 44. Rxb5 Rxh4 45. Ne7+ Nxe7 46. fxe7 Kf7 47. Re5 Ke8 48. Kg2 Ra4 49. a3 Rc4 50. Re2 Rc1 51. Kg3 Rb1 52. Kh4 Rh1+ 53. Kg5 Rh3 54. Kg6 Rh1 55. Kh6 h4 56. Kh5 h3 57. Kh4 h2 58. Kh3 Rb1 59. Kxh2 Rc1 60. Kg2 Ra1 61. Kf3 Rf1+ 62. Kg2 Ra1 63. Kf3 Rf1+ 64. Kg4 Rg1+ 65. Kf5 Rf1+ 66. Ke6 Re1 67. Re5 Rb1 68. a4 Rxb2 69. a5 Rd2 70. Rc5 Rc2 71. Kd6 Rd2+ 0-1